<?xml version="1.0" encoding="UTF-8"?>
<record
    xmlns:xsi="http://www.w3.org/2001/XMLSchema-instance"
    xsi:schemaLocation="http://www.loc.gov/MARC21/slim http://www.loc.gov/standards/marcxml/schema/MARC21slim.xsd"
    xmlns="http://www.loc.gov/MARC21/slim">

  <leader>     nam a22     7a 4500</leader>
  <datafield tag="999" ind1=" " ind2=" ">
    <subfield code="c">49200</subfield>
    <subfield code="d">49200</subfield>
  </datafield>
  <controlfield tag="003">OSt</controlfield>
  <controlfield tag="005">20191009125342.0</controlfield>
  <controlfield tag="008">191009b        xxu||||| |||| 00| 0 eng d</controlfield>
  <datafield tag="040" ind1=" " ind2=" ">
    <subfield code="c">sero soft</subfield>
  </datafield>
  <datafield tag="100" ind1=" " ind2=" ">
    <subfield code="a">AIR</subfield>
  </datafield>
  <datafield tag="245" ind1=" " ind2=" ">
    <subfield code="a">All India Reporter</subfield>
  </datafield>
  <datafield tag="260" ind1=" " ind2=" ">
    <subfield code="a">Nagpur</subfield>
    <subfield code="b">Nagpur Pvt</subfield>
  </datafield>
  <datafield tag="942" ind1=" " ind2=" ">
    <subfield code="2">ddc</subfield>
    <subfield code="c">01</subfield>
  </datafield>
  <datafield tag="952" ind1=" " ind2=" ">
    <subfield code="0">0</subfield>
    <subfield code="1">0</subfield>
    <subfield code="2">ddc</subfield>
    <subfield code="4">0</subfield>
    <subfield code="7">0</subfield>
    <subfield code="a">04</subfield>
    <subfield code="b">04</subfield>
    <subfield code="d">2019-10-09</subfield>
    <subfield code="e">Western Law House Meerut</subfield>
    <subfield code="g">9900.00</subfield>
    <subfield code="p">04-B-7259</subfield>
    <subfield code="r">2019-10-09</subfield>
    <subfield code="w">2019-10-09</subfield>
    <subfield code="y">04</subfield>
  </datafield>
  <datafield tag="952" ind1=" " ind2=" ">
    <subfield code="0">0</subfield>
    <subfield code="1">0</subfield>
    <subfield code="2">ddc</subfield>
    <subfield code="4">0</subfield>
    <subfield code="7">0</subfield>
    <subfield code="a">04</subfield>
    <subfield code="b">04</subfield>
    <subfield code="d">2019-10-09</subfield>
    <subfield code="e">Western Law House Meerut</subfield>
    <subfield code="g">9900.00</subfield>
    <subfield code="p">04-B-7260</subfield>
    <subfield code="r">2019-10-09</subfield>
    <subfield code="w">2019-10-09</subfield>
    <subfield code="y">04</subfield>
  </datafield>
  <datafield tag="952" ind1=" " ind2=" ">
    <subfield code="0">0</subfield>
    <subfield code="1">0</subfield>
    <subfield code="2">ddc</subfield>
    <subfield code="4">0</subfield>
    <subfield code="7">0</subfield>
    <subfield code="a">04</subfield>
    <subfield code="b">04</subfield>
    <subfield code="d">2019-10-09</subfield>
    <subfield code="e">Western Law House Meerut</subfield>
    <subfield code="g">9900.00</subfield>
    <subfield code="l">1</subfield>
    <subfield code="p">04-B-7262</subfield>
    <subfield code="r">2019-11-18</subfield>
    <subfield code="s">2019-11-18</subfield>
    <subfield code="w">2019-10-09</subfield>
    <subfield code="y">04</subfield>
  </datafield>
  <datafield tag="952" ind1=" " ind2=" ">
    <subfield code="0">0</subfield>
    <subfield code="1">0</subfield>
    <subfield code="2">ddc</subfield>
    <subfield code="4">0</subfield>
    <subfield code="7">0</subfield>
    <subfield code="a">04</subfield>
    <subfield code="b">04</subfield>
    <subfield code="d">2019-10-09</subfield>
    <subfield code="e">Western Law House Meerut</subfield>
    <subfield code="g">9900.00</subfield>
    <subfield code="p">04-B-7261</subfield>
    <subfield code="r">2019-10-09</subfield>
    <subfield code="w">2019-10-09</subfield>
    <subfield code="y">04</subfield>
  </datafield>
</record>
